The Legend II (Record no. 34834)
[ view plain ]
| 000 -LEADER | |
|---|---|
| fixed length control field | 02877nam a22004217a 4500 |
| 003 - CONTROL NUMBER IDENTIFIER | |
| control field | dpl |
| 005 - DATE AND TIME OF LATEST TRANSACTION | |
| control field | 20100322160937.0 |
| 007 - PHYSICAL DESCRIPTION FIXED FIELD--GENERAL INFORMATION | |
| fixed length control field | DVD |
| 008 - FIXED-LENGTH DATA ELEMENTS--GENERAL INFORMATION | |
| fixed length control field | 050907s2005 cau105 g 00| 0 eng d |
| 010 ## - LIBRARY OF CONGRESS CONTROL NUMBER | |
| LC control number | DVD-007247-7255 |
| 024 ## - OTHER STANDARD IDENTIFIER | |
| Terms of availability | 99.00 |
| 035 ## - SYSTEM CONTROL NUMBER | |
| System control number | DVD-007247-7255 |
| 040 ## - CATALOGING SOURCE | |
| Original cataloging agency | DPL |
| Transcribing agency | DPL |
| 092 ## - LOCALLY ASSIGNED DEWEY CALL NUMBER (OCLC) | |
| Classification number | DVD THEL |
| 245 ## - TITLE STATEMENT | |
| Title | The Legend II |
| Medium | [videorecording] DVD / |
| Statement of responsibility, etc | Diskovery Video & laser Co. Pvt. Ltd. Presents |
| 260 ## - PUBLICATION, DISTRIBUTION, ETC. (IMPRINT) | |
| Name of publisher, distributor, etc | Diskovery Video |
| 300 ## - PHYSICAL DESCRIPTION | |
| Extent | 2 videocassette (VCD); |
| Other physical details | sd., col. ; |
| Dimensions | 4-3/4 in. |
| Type of unit | VCD |
| 440 ## - SERIES STATEMENT/ADDED ENTRY--TITLE | |
| Title | Diskovery Video |
| 538 ## - SYSTEM DETAILS NOTE | |
| System details note | Dolby digital 5.1, English |
| 538 ## - SYSTEM DETAILS NOTE | |
| System details note | This is a Videio CD with digital audio, full Motion video and Play Back Controls Suitable for Video CD, LD, DVD Player and Multimedia PCs with MPEG card. |
| 650 ## - SUBJECT ADDED ENTRY--TOPICAL TERM | |
| Topical term or geographic name as entry element | Motion Picture |
| 700 ## - ADDED ENTRY--PERSONAL NAME | |
| Personal name | Jet Li |
| 700 ## - ADDED ENTRY--PERSONAL NAME | |
| Personal name | Fong Sai Yuk |
| 700 ## - ADDED ENTRY--PERSONAL NAME | |
| Personal name | Josephine Siao |
| 700 ## - ADDED ENTRY--PERSONAL NAME | |
| Personal name | Adam Cheng |
| 700 ## - ADDED ENTRY--PERSONAL NAME | |
| Personal name | Michele Reis |
| 942 ## - ADDED ENTRY ELEMENTS (KOHA) | |
| Koha item type | CD-ROMs, DVDs, VHS |
| Source of classification or shelving scheme | Dewey Decimal Classification |
| Classification part | DVD |
| Call number suffix | THEL |
| Withdrawn status | Lost status | Source of classification or shelving scheme | Damaged status | Not for loan | Home library | Current library | Date acquired | Source of acquisition | Cost, normal purchase price | Total Checkouts | Full call number | Barcode | Date last seen | Date checked out | Copy number | Cost, replacement price | Price effective from | Koha item type |
|---|---|---|---|---|---|---|---|---|---|---|---|---|---|---|---|---|---|---|
| Dewey Decimal Classification | Central Library | Central Library | 22/03/2010 | Pioneers/1111/30-12-09/325/13-10-09 /30-12-09 | 99.00 | 15 | DVD THEL | DVD-007247 | 27/02/2018 | 24/02/2018 | 1 | 99.00 | 22/03/2010 | CD-ROMs, DVDs, VHS | ||||
| Dewey Decimal Classification | Janak Puri | Janak Puri | 22/03/2010 | Pioneers/1111/30-12-09/325/13-10-09 /30-12-09 | 99.00 | 8 | DVD THEL | DVD-007249 | 08/10/2014 | 27/09/2014 | 1 | 99.00 | 22/03/2010 | CD-ROMs, DVDs, VHS | ||||
| Dewey Decimal Classification | Karol Bagh | Karol Bagh | 22/03/2010 | Pioneers/1111/30-12-09/325/13-10-09 /30-12-09 | 99.00 | 1 | DVD THEL | DVD-007253 | 21/01/2011 | 18/01/2011 | 1 | 99.00 | 22/03/2010 | CD-ROMs, DVDs, VHS | ||||
| Dewey Decimal Classification | Narela | Narela | 22/03/2010 | Pioneers/1111/30-12-09/325/13-10-09 /30-12-09 | 99.00 | 4 | DVD THEL | DVD-007254 | 28/04/2011 | 11/04/2011 | 1 | 99.00 | 22/03/2010 | CD-ROMs, DVDs, VHS | ||||
| Dewey Decimal Classification | Patel Nagar | Patel Nagar | 22/03/2010 | Pioneers/1111/30-12-09/325/13-10-09 /30-12-09 | 99.00 | 9 | DVD THEL | DVD-007248 | 26/04/2011 | 23/04/2011 | 1 | 99.00 | 22/03/2010 | CD-ROMs, DVDs, VHS | ||||
| Dewey Decimal Classification | R.K.Puram-8 | R.K.Puram-8 | 22/03/2010 | Pioneers/1111/30-12-09/325/13-10-09 /30-12-09 | 99.00 | 1 | DVD THEL | DVD-007251 | 01/01/2011 | 01/01/2011 | 1 | 99.00 | 22/03/2010 | CD-ROMs, DVDs, VHS | ||||
| Dewey Decimal Classification | Sarojini Nagar | Sarojini Nagar | 22/03/2010 | Pioneers/1111/30-12-09/325/13-10-09 /30-12-09 | 99.00 | 14 | DVD THEL | DVD-007250 | 13/01/2016 | 01/01/2016 | 1 | 99.00 | 22/03/2010 | CD-ROMs, DVDs, VHS | ||||
| Dewey Decimal Classification | Shahdara Branch | Shahdara Branch | 22/03/2010 | Pioneers/1111/30-12-09/325/13-10-09 /30-12-09 | 99.00 | DVD THEL | DVD-007255 | 22/03/2010 | 1 | 99.00 | 22/03/2010 | CD-ROMs, DVDs, VHS | ||||||
| Dewey Decimal Classification | Vinoba Puri | Vinoba Puri | 22/03/2010 | Pioneers/1111/30-12-09/325/13-10-09 /30-12-09 | 99.00 | 1 | DVD THEL | DVD-007252 | 26/07/2010 | 23/07/2010 | 1 | 99.00 | 22/03/2010 | CD-ROMs, DVDs, VHS |
